Detalles MARC
| 000 -LIDER |
| fixed length control field |
01522nam a2200313 a 4500 |
| 001 - NÚMERO DE CONTROL |
| Identificador de número de control |
000000520 |
| 003 - IDENTIFICACDOR DE NÚMERO DE CONTROL |
| control field |
|
| 005 - DATE AND TIME OF LATEST TRANSACTION |
| control field |
20210601121250.0 |
| 008 - ELEMENTOS DE LONGITUD FIJA |
| fixed length control field |
081122s1975 dr ab 000 0 spa d |
| 035 ## - NÚMERO LOCAL |
| System control number |
|
| 040 ## - FUENTE DE CATALOGACIÓN |
| Agencia que crea de manera original el registro |
BPMSU |
| Idioma de catalogación |
spa |
| Agencia que realiza la transcripción |
BPMSU |
| 082 ## - NÚMERO DE CLASIFICACIÓN DECIMAL DE DEWEY |
| Classification number |
972.9304 |
| Item number |
L557s 1975 |
| Edition number |
22 |
| 100 1# - ASIENTO PRINCIPAL -- NOMBRE PERSONAL |
| Nombre personal |
Lemonnier-Delafosse, J. B. |
| 245 10 - MENCIÓN DE TITULO |
| Título |
Segunda campaña de Santo Domingo : |
| Subtítulo |
guerra dominico-francesa de 1808 / |
| Mención de responsabilidad |
J.B. Lemonnier-Delafosse. |
| 260 ## - PUBLICACIÓN, DISTRIBUCIÓN, ETC. (PIE DE IMPRENTA) |
| Lugar de publicación, distribución, etc |
Santo Domingo : |
| Nombre del editor, distribuidor, etc. |
Editora de Santo Domingo, |
| Fecha de publicación, distribución, etc |
1975. |
| 300 ## - DESCRIPCIÓN FÍSICA |
| Extensión |
291 p. : |
| Otros detalles físicos |
il., map. ; |
| Dimensiones |
23 cm. |
| 490 0# - MENCIÓN DE SERIES |
| Mención de serie |
Sociedad Dominicana de Bibliófilos; |
| -- |
cultura dominicana |
| Volume/sequential designation |
12 |
| 500 ## - NOTA GENERAL |
| Nota general |
Traducción por el Lic. C. Armando Rodríguez |
| 500 ## - NOTA GENERAL |
| Nota general |
Incluye índice. |
| 505 0# - NOTA DE CONTENIDO |
| Título |
Advertencia del traductor -- |
| -- |
Sumario -- |
| -- |
Fuerza marítima de la expedición -- |
| -- |
Introducción -- |
| -- |
Recuerdos históricos y sucintos de la primera campaña -- |
| -- |
Relación completa de la segunda campaña -- |
| -- |
Opinión sobre Toussaint -- |
| -- |
Apéndices -- |
| -- |
Notas del autor -- |
| -- |
Notas del traductor -- |
| -- |
Mapas -- |
| -- |
Índices -- |
| -- |
Índice de nombres -- |
| -- |
Índice de materias. |
| 534 ## - NOTA SOBRE LA VERSIÓN ORIGINAL |
| Asiento principal del original |
Título original. |
| Mención del título original |
Seconde campagne de Saint-Domingue, du 1er. Decembre 1803 au 15 Juillet 1809. |
| 590 ## - NOTA LOCAL |
| Enlace |
Inventariado, 2021/VM |
| 650 #4 - ENCABEZAMIENTO DE MATERIA--TEMÁTICO |
| Término temático o nombre geográfico como elemento de entrada |
Guerra Dominico-francesa, 1808- |
| 650 #4 - ENCABEZAMIENTO DE MATERIA--TEMÁTICO |
| Término temático o nombre geográfico como elemento de entrada |
Franceses en Santo Domingo (República Dominicana) |
| Subdivisión temática general |
Historia . |
| 651 #4 - ENCABEZAMIENTO DE MATERIA--NOMBRE GEOGRÁFICO |
| Nombre geográfico |
República Dominicana |
| Subdivisión temática general |
Historia |
| -- |
|
| Subdivisión cronológica |
|
| 700 #1 - ASIENTO SECUNDARIO -- NOMBRE PERSONAL |
| Nombre personal |
Rodríguez, C. Armando |
| Fechas asociadas con el nombre |
1956- |
| Mención de responsabilidad |
tr. |
| 910 ## - VALIDACIÓN |
| Validación |
VMateo |
| 942 ## - ADDED ENTRY ELEMENTS (KOHA) |
| Source of classification or shelving scheme |
Dewey Decimal Classification |
| Koha item type |
Libros |